| 000 | 00609nam a2200241Ia 4500 | ||
|---|---|---|---|
| 005 | 20260320201057.0 | ||
| 008 | 008 262003s9999 xx 000 0 eng d | ||
| 037 | _aEBOOK | ||
| 040 | _aCRL | ||
| 040 | _beng | ||
| 040 | _cCRL | ||
| 041 | _2eng | ||
| 041 | _aeng | ||
| 084 | _qCRL | ||
| 100 | _aPhillips | ||
| 245 | 0 | _aIt Sounded Good When We Started: A Project Manager's Guide to Working with People on Projects | |
| 260 | _bIEEE | ||
| 260 | _c2004 | ||
| 856 | _uhttps://ieeexplore.ieee.org/servlet/opac?bknumber=5989611 | ||
| 942 | _cEBOOK | ||
| 999 |
_c1718712 _d1718712 |
||